Vista normal Vista MARC

Entrada Topical Term

Número de registros utilizados en: 1

001 - CONTROL NUMBER

  • control field: 12111

003 - CONTROL NUMBER IDENTIFIER

  • control field: OSt

005 - DATE AND TIME OF LATEST TRANSACTION

  • control field: 20201028150757.0

008 - FIXED-LENGTH DATA ELEMENTS

  • fixed length control field: 201028|| aca||aabn | a|a d

040 ## - CATALOGING SOURCE

  • Original cataloging agency: OSt
  • Transcribing agency: OSt

150 ## - HEADING--TOPICAL TERM

  • Topical term or geographic name entry element: Animales en la literatura

670 ## - SOURCE DATA FOUND

  • Source citation: Work cat.: (OSt): Pombo, Rafael, autor 493, Cuentos pintados / , 1997.